000 00653nam a2200229 i 4500
001 bg
100 1 _aKARPOWICZ, Andrzej
245 1 0 _aAutor - wydawca :
_bporadnik prawa autorskiego /
_cAndrzej Karpowicz.
260 _aWarszawa :
_bWydaw. Naukowe PWN,
_c1994.
300 _a363, [1] s. ;
_c21 cm.
500 _aTekst częśc. tł. z ang., fr., niem.
504 _aBibliogr. s. 163. - Summ.
650 9 _aPrawo autorskie
_zPolska
655 _aPoradniki
020 _a8301115998
040 _cBPK
041 1 _apl
_ben
_henfrde
080 _a347.78(438)
920 _a83-01-11599-8
942 _cKS
008 s pl f |000 0 pol
999 _c31301
_d31301
856 _uhttp://koha.tu.koszalin.pl/cgi-bin/koha/opac-detail.pl?biblionumber=31301
_yKatalog online BPK